000 00641nam a2200205 4500
001 113503
003 ES-MaACL
005 20250524063050.0
007 t|
008 061121s1952 sp r ||||1| spa d
100 1 _aNocedal, Ramón,
_d1842-1907
_9130506
245 1 0 _aAntología /
_cRamón Nocedal y Romea ; preparada por Jaime de Carlos Gómez Rodulfo.
260 _aMadrid :
_bMaribel Artes Gráficas,
_c1952.
300 _a131 p. ;
_c17 cm.
490 1 _aCovadonga
700 1 _aGómez Rodulfo, Jaime de Carlos.
_958142
830 0 _aCovadonga
_9185733
852 _aES-MaACL
_jD-8306
_bR.33067
999 _c113503
_d113503